000 01062cam a2200349 a 4500
001 6808
003 FISKH
005 20250826104039.0
008 010628r20021991nyua b 000 1 eng
010 _a 2001003838
020 _a051622560X (lib. bdg.)
020 _a9780516225609
040 _aDLC
_cDLC
_dDLC
_beng
050 _aPZ8.G4246 A
082 _a513.211
100 1 _aGisler, David.
245 1 0 _aAddition Annie /
_cwritten by David Gisler ; illustrated by Sarah A. Beise.
260 _aNew York :
_bScholastic,
_c2002.
300 _a31 pages :
_bcolor illustrations ;
_c19 cm
440 0 _aRookie reader
500 _a"Level C"--Spine.
505 _aH
520 _aAddition Annie counts everything around her, from trees and knees to little peas.
521 8 _a430
_bLexile estimate
521 8 _aH
_bRaz-Plus
650 1 _aCounting
_vFiction.
650 1 _aStories in rhyme.
700 1 _aBeise, Sarah A.,
_eillustrator
906 _a7
_bcbc
_corignew
_d1
_eecip
_f20
_gy-gencatlg
942 _2ddc
_cBK
_n0
999 _c6808
_d6808